| 000 | 03537namaa22004091i 4500 | ||
|---|---|---|---|
| 003 | OSt | ||
| 005 | 20260404124145.0 | ||
| 008 | 250827s2025 ua a|||frm||| 000 0 eng d | ||
| 040 |
_aEG-GICUC _bara _cEG-GICUC _dEG-GICUC _erda |
||
| 041 | 0 |
_aara _bara _beng |
|
| 049 | _aإيداع | ||
| 082 | 0 | 4 | _a189.18 |
| 092 |
_a189.18 _221 |
||
| 097 | _aمــــاجستير | ||
| 099 | _aCai01.06.06.M.Sc.2025.رف.ن | ||
| 100 | 0 |
_a،رفعت أحمد على ضيف الله _eإعداد. |
|
| 245 | 1 | 2 |
_aالنظام النيسابوري وآراؤه الصوفية : _bدراسة تحليلية نقدية / _cإعداد رفعت أحمد على ضيف الله؛ إشراف أ.د.عبد الحميد عبد المنعم مدكور. |
| 246 | 1 | 5 |
_aNezam din nisaburi and his soufi,s views : _bCritical analytical study / |
| 264 | 0 | _c2025. | |
| 300 |
_a303 صفحة : _bإيضاحيات ؛ _c30 سم. + _eCD. |
||
| 336 |
_atext _2rda content |
||
| 337 |
_aUnmediated _2rdamedia |
||
| 338 |
_avolume _2rdacarrier |
||
| 502 | _aأطروحة (ماجستير)-جامعة القاهرة، 2025. | ||
| 504 | _aببليوجرافيا: صفحات 259-278. | ||
| 520 | _aبعد نظام الدين النيسابوري من أعلام الفكر الإسلامي في القرن الثامن الهجري، وقد ترك إرثا فكريا خصبا، وقد عملت الدراسة على استخلاص فكره الصوفي من خلال جمع شتات النصوص، وتكوين بنية معرفية متكاملة عن الآراء الصوفية التي اعتنقها، وهدفت الدراسة إلى بيان مدى الأصالة التي يتميز بها فكر الرجل من خلال عرض نصوصه وآرائه على آراء أئمة التصوف السابقين، وقدمت الدراسة الفكر الصوفي العملي له، وهذا اتساقا مع فلسفة الرجل، وسارت الدراسة بمنهج مترابط فجمعت القضايا العملية ثم ثنت بالقضايا النظرية، وخصت قضايا صوفية شائكة، مثل الحقيقة المحمدية، التأويل الإشاري. | ||
| 520 | _aThis study analyzes Nezam al-Din al-Nisaburi's 8th-century AH Sufi thought, compiling his scattered writings to form a comprehensive understanding. It aims to demonstrate his intellectual originality by comparing his views to earlier Sufi authorities. The research presents his practical Sufism, reflective of his philosophical approach, and employs a methodology progressing from practical to theoretical aspects. It particularly focuses on complex Sufi concepts like the Muhammadan Reality and symbolic interpretation, extracting his comprehensive Sufi understanding | ||
| 530 | _aصدر أيضًا كقرص مدمج. | ||
| 546 | _aالنص بالعربية والملخص باللغة الإنجليزية والعربية. | ||
| 650 | 7 |
_aالفلسفة الإسلامية الصوفية _2qrmak |
|
| 653 | 0 |
_aالنظام النيسابوري _aالصوفية _aالحقيقة المحمدية |
|
| 700 | 0 |
_aعبد الحميد عبد المنعم مدكور _eمشرف أطروحة. |
|
| 900 |
_b05-01-2025 _cعبد الحميد عبد المنعم مدكور _dمحمد السيد الجليند _dمحمد محمود أبو قحف _Uجامعة القاهرة _Fكلية دار العلوم _Dقسم الفلسفة الإسلامية |
||
| 905 |
_aSara _eAfaf |
||
| 942 |
_2ddc _cTH _e21 _n0 |
||
| 999 | _c178719 | ||